[Event "Espoo op"]
[Site "Espoo"]
[Date "1999.??.??"]
[Round "4"]
[White "Agopov, Mikael"]
[Black "Hartikainen, Markku"]
[Result "1-0"]
[WhiteElo "2398"]
[BlackElo "2262"]

1.Nf3 Nf6 2.c4 g6 3.Nc3 Bg7 4.e4 d6 5.d4 O-O 6.Be2 e5 7.O-O Nc6 8.d5 Ne7
9.Nd2 a5 10.a3 Nd7 11.Rb1 f5 12.b4 Kh8 13.f3 Ng8 14.Qc2 Ngf6 15.Bd3 f4 16.Nb5 axb4
17.axb4 Rg8 18.c5 Ne8 19.cxd6 cxd6 20.Bb2 g5 21.Rfc1 g4 22.fxg4 Bh6 23.h3 f3
24.Nxf3 Bxc1 25.Rxc1 Ndf6 26.Qf2 Bxg4 27.Nxd6 Qxd6 28.Nxe5 Bh5 29.Ng4 Bxg4
30.e5 Qxd5 31.exf6 Qxd3 32.f7+ Ng7 33.fxg8=Q+ Kxg8 34.hxg4 Rf8 35.Qc5 Qe2
36.Qd4 Qe7 37.Rf1 Rd8 38.Qc4+ Qe6 39.Qf4 Re8 40.Rf3 Qe1+ 41.Kh2 Qe6 42.Qg5 Qg6
43.Qd5+ Qe6 44.Qd4 Qh6+ 45.Kg3 Qg6 46.b5 Re4 47.Qd5+ Ne6 48.Qf5 Rb4 49.Bc3 Rc4
50.Rd3 Rc8 51.Bb4 Re8 52.Rd7 b6 53.Qxg6+ hxg6 54.Rd6 g5 55.Rxb6 Nf4 56.Bd2 Rd8
57.Bxf4 Rd3+ 58.Kf2 gxf4 59.Rf6 Kg7 60.Rf5 Kg6 61.Ke2  1-0

[Event "Euskadi-ch13"]
[Site "Euskadi"]
[Date "1999.??.??"]
[Round "3"]
[White "Salinero, JM."]
[Black "Arce, J."]
[Result "0-1"]
[WhiteElo "2160"]
[BlackElo "2180"]

1.d4 Nf6 2.Nf3 g6 3.c4 Bg7 4.Nc3 d6 5.e4 O-O 6.Be2 Nc6 7.O-O e5 8.d5 Ne7
9.Ne1 Ne8 10.f4 f5 11.fxe5 Bxe5 12.Nd3 Bg7 13.Bf3 Nf6 14.e5 dxe5 15.Nxe5 Ng4
16.Bxg4 Bxe5 17.Bh6 Re8 18.Bf3 Qd6 19.h3 Qc5+ 20.Kh1 Qxc4 21.d6 cxd6 22.Re1 Qh4
23.Qb3+ Kh8 24.Qf7 Rg8 25.Rxe5 dxe5 26.Bf8 Be6 27.Qxe7 Qxe7 28.Bxe7 Kg7 29.Nb5 e4
30.Be2 Kf7 31.Ba3 b6 32.Rc1 Rgd8 33.Nc7 Rac8 34.Ba6 Rb8 35.Nxe6 Kxe6 36.Rc7 Rd1+
37.Kh2 Rbd8 38.b3 Ra1 39.Bc4+ Ke5 40.Re7+ Kf4 41.Rxh7 Rdd1 42.Rh4+ Ke3 43.Kg3 g5
44.Rh5 Rxa2 45.Be7 f4+ 46.Kg4 Rxg2+ 47.Kf5 b5 48.Bc5+ Kf3 49.Bf7 e3 50.Bb4 e2
51.Be8 Kf2 52.Bc6 f3 53.Bc5+ Kf1 54.Bb4 f2  0-1

[Event "Gent op 22nd"]
[Site "Gent"]
[Date "1999.??.??"]
[Round "4"]
[White "Ikonnikov, Vyacheslav"]
[Black "Maes, Wim"]
[Result "1-0"]
[WhiteElo "2550"]
[BlackElo "2285"]

1.d4 Nf6 2.Nf3 g6 3.c4 Bg7 4.Nc3 O-O 5.e4 d6 6.Be2 e5 7.O-O Nc6 8.d5 Ne7
9.Ne1 Nd7 10.Be3 f5 11.f3 Nf6 12.c5 Kh8 13.Rc1 Neg8 14.Qd2 f4 15.Bf2 g5 16.cxd6 cxd6
17.Nb5 Ne8 18.Nxa7 Bd7 19.Qb4 h5 20.Qxb7 Rb8 21.Nc6 Rxb7 22.Nxd8 Rxb2 23.Bc4 Bf6
24.Nc6 g4 25.Nd3 Rb7 26.Ba6 Bxc6 27.dxc6 Rg7 28.Kh1 Nc7 29.Bb7 Ne7 30.Nb4 Rfg8
31.Bb6 Ne6 32.c7 Nc8 33.Bxc8 Rxc8 34.Nd5 Bh4 35.a4 Nf8 36.a5 Nd7 37.Rc6  1-0

[Event "Gent op 22nd"]
[Site "Gent"]
[Date "1999.??.??"]
[Round "4"]
[White "Van der Stricht, Geert"]
[Black "Kley, Thomas"]
[Result "1-0"]
[WhiteElo "2375"]
[BlackElo "2215"]

1.d4 Nf6 2.c4 g6 3.Nc3 Bg7 4.e4 d6 5.Nf3 O-O 6.Be2 e5 7.O-O Nc6 8.d5 Ne7
9.b4 a5 10.Ba3 axb4 11.Bxb4 Nd7 12.a4 Nc5 13.a5 Na6 14.Ba3 Kh8 15.Rb1 Ng8
16.Nd2 f5 17.Nb3 Nf6 18.c5 Rf7 19.cxd6 cxd6 20.f3 Bh6 21.Kh1 Be3 22.Nb5 Nc5
23.Bxc5 dxc5 24.Qc2 Nh5 25.g3 Qg5 26.Bd3 Bd7 27.Nd6 Rf6 28.Nc4 Qh6 29.Nxe3 fxe4
30.Bxe4 Qxe3 31.Qc1 Qe2 32.Rb2 Qb5 33.Nxc5  1-0

[Event "Hessenliga 9899"]
[Site "GER"]
[Date "1999.??.??"]
[Round "?"]
[White "Stratmann, Burkhard"]
[Black "Meiser, Markus"]
[Result "1/2-1/2"]
[WhiteElo "2165"]
[BlackElo "2245"]

1.c4 Nf6 2.Nc3 g6 3.e4 d6 4.d4 Bg7 5.Nf3 O-O 6.Be2 e5 7.O-O Nc6 8.d5 Ne7
9.Ne1 Ne8 10.Nd3 f5 11.Bd2 Nf6 12.f3 f4 13.c5 g5 14.Rc1 h5 15.Nb5 Ne8 16.cxd6 cxd6
17.a4 Rf6 18.Nf2 Ng6 19.Qb3 Nh4 20.Rc2 g4 21.fxg4 hxg4 22.Rxc8 Rxc8  1/2-1/2

[Event "Oberliga Ost A9899"]
[Site "GER"]
[Date "1999.??.??"]
[Round "?"]
[White "Wichmann, Cliff"]
[Black "Ludwig, Kristin"]
[Result "1/2-1/2"]
[WhiteElo "2260"]
[BlackElo "2045"]

1.Nf3 Nf6 2.c4 g6 3.Nc3 Bg7 4.e4 d6 5.d4 O-O 6.Be2 e5 7.O-O Nc6 8.d5 Ne7
9.b4 Ne8 10.Nd2 a5 11.bxa5 f5 12.Nb3 Kh8 13.Bg5 h6 14.Bd2 Ng8 15.f3 f4 16.g4 h5
17.h3 Nh6 18.Rf2 Bf6 19.Be1 Bh4 20.Rg2 hxg4 21.hxg4 Kg7 22.Rh2 Bxe1 23.Qxe1 Bxg4
24.fxg4 f3 25.Qg3 fxe2 26.g5 Nf7 27.Rg2 Rh8 28.Nd2 Rh5 29.Nf3 Rxa5 30.a4 Rc5
31.Nxe2 Rxc4 32.Qg4 c6 33.dxc6 Qb6+ 34.Kf1 Rh1+ 35.Nfg1 Qxc6 36.Rf2 Qxe4
37.Qe6 Nxg5 38.Qxe8 Nf3 39.Qe7+ Kg8 40.Qe8+  1/2-1/2

[Event "Oberliga Nord N9899"]
[Site "GER"]
[Date "1999.??.??"]
[Round "?"]
[White "Lindner, Daniel"]
[Black "Thomaschke, Dirk"]
[Result "1-0"]
[WhiteElo "2185"]
[BlackElo "2035"]

1.d4 Nf6 2.Nf3 g6 3.c4 Bg7 4.Nc3 O-O 5.e4 d6 6.Be2 e5 7.O-O Nc6 8.d5 Ne7
9.b4 Nh5 10.Qb3 Nf4 11.Bxf4 exf4 12.Rad1 h6 13.c5 g5 14.e5 dxe5 15.d6 Nf5
16.h3 Be6 17.Bc4 Bxc4 18.Qxc4 cxd6 19.Nb5 Qe7 20.Nxd6 Qe6 21.Qc2 Nxd6 22.Rxd6 Qe7
23.Rfd1 Rad8 24.Qe4 Rxd6 25.Rxd6 b6 26.Nd2 bxc5 27.bxc5 Rc8 28.Qd5 Bf8 29.Ne4 Rc7
30.c6 Kg7 31.Rd7 Rxd7 32.cxd7 Qd8 33.Qxe5+ Kg6 34.Qe8 Be7 35.Nd6  1-0

[Event "Oberliga Nord O9899"]
[Site "GER"]
[Date "1999.??.??"]
[Round "?"]
[White "Lipinsky, Markus"]
[Black "Kesik, Klaus Dieter"]
[Result "0-1"]
[WhiteElo "2170"]
[BlackElo "2265"]

1.d4 Nf6 2.Nf3 g6 3.c4 Bg7 4.Nc3 O-O 5.e4 d6 6.Be2 Nc6 7.O-O e5 8.d5 Ne7
9.Ne1 Ne8 10.f4 f5 11.Nd3 Kh8 12.a4 c6 13.Bf3 cxd5 14.cxd5 fxe4 15.Bxe4 Nf6
16.fxe5 Nxe4 17.Rxf8+ Qxf8 18.Nxe4 dxe5 19.d6 Nc6 20.Ndc5 b6 21.Qd5 bxc5
22.Qxc6 Bf5 23.Nxc5 Rd8 24.Nb7 Rd7 25.Ra3 e4 26.Be3 Be5 27.Bxa7 Qa8 28.Qc5 Bf6
29.Rb3 Rxb7 30.Rxb7 Qxb7 31.b4 Kg7 32.Qc7+ Qxc7 33.dxc7 Be5 34.Bb6 Kf7 35.b5 Ke8
36.Kf2 Kd7  0-1

[Event "Oberliga Ost A9899"]
[Site "GER"]
[Date "1999.??.??"]
[Round "?"]
[White "Neidig, Stefan"]
[Black "Schubert, Ralf"]
[Result "1/2-1/2"]
[WhiteElo "2275"]
[BlackElo "2130"]

1.c4 Nf6 2.Nf3 g6 3.Nc3 Bg7 4.e4 d6 5.d4 O-O 6.Be2 e5 7.O-O Nc6 8.d5 Ne7
9.Ne1 Nd7 10.Nd3 f5 11.Bd2 Nf6 12.f3 f4 13.c5 g5 14.h3 Ng6 15.cxd6 cxd6 16.Rc1 Nh5
17.Nf2 Ng3 18.Re1 a6 19.a4 h5 20.b4 g4 21.fxg4 Nxe2+ 22.Qxe2 f3 23.Qe3 hxg4
24.g3 Nf4 25.gxf4 exf4 26.Qd3 g3 27.Qxf3 Bd4 28.Nd1 Qh4 29.Kf1 gxf2 30.Nxf2 Bxf2
31.Qxf2 Bxh3+ 32.Ke2 Bg4+ 33.Kf1 Qh1+ 34.Qg1 Qf3+ 35.Qf2 Bh3+ 36.Kg1 Qg4+
37.Kh1 f3 38.Rg1 Bg2+ 39.Rxg2 fxg2+ 40.Qxg2 Qxg2+ 41.Kxg2 Rac8 42.a5 Kf7
43.Kf3 Ke7+ 44.Ke3 Rxc1 45.Bxc1 Rf1 46.Bb2 Kf7 47.e5 dxe5 48.Bxe5 Ke7 49.Kd4 Rc1
50.Bf4 Rc2 51.Kd3 Rg2 52.Kd4 Rg4 53.Ke5 Kd7 54.Ke4 Rg1 55.Kd4 Rf1 56.Be5 Rc1
57.Bf4 Rc2 58.Kd3 Rc8 59.Kd4 Ke7 60.Be5 Kf7 61.Bd6 Kf6 62.Bc5 Kf5 63.Bb6 Rc2
64.Ba7 Rc1  1/2-1/2

[Event "Oberliga Ost A9899"]
[Site "GER"]
[Date "1999.??.??"]
[Round "?"]
[White "Hoffmeyer, Falk"]
[Black "Neidig, Stefan"]
[Result "0-1"]
[WhiteElo "2225"]
[BlackElo "2275"]

1.d4 Nf6 2.Nf3 g6 3.c4 Bg7 4.Nc3 O-O 5.e4 d6 6.Be2 e5 7.O-O Nc6 8.d5 Ne7
9.b4 a5 10.Ba3 axb4 11.Bxb4 Nd7 12.Nd2 f5 13.Nb3 b6 14.f3 Bh6 15.a4 Ba6 16.a5 Nc8
17.axb6 cxb6 18.Nb5 Nc5 19.Bxc5 bxc5 20.Qd3 Nb6 21.Na5 fxe4 22.fxe4 Rxf1+
23.Bxf1 Bxb5 24.cxb5 Qg5 25.Ra3 Qc1 26.Nc4 Rf8 27.g3 Nxc4 28.Rc3 Rxf1+  0-1

[Event "GER-ch 11th Seniors"]
[Site "Germany"]
[Date "1999.??.??"]
[Round "?"]
[White "Spurga, Josef"]
[Black "Walkewitz, Hubert"]
[Result "0-1"]
[WhiteElo "1910"]
[BlackElo "2240"]

1.Nf3 Nf6 2.c4 g6 3.Nc3 Bg7 4.d4 d6 5.e4 O-O 6.Be2 e5 7.O-O Nc6 8.d5 Ne7
9.b4 Nh5 10.Re1 Nf4 11.Bf1 Bg4 12.h3 Bd7 13.c5 h6 14.Be3 g5 15.Nh2 f5 16.Rc1 fxe4
17.Bxf4 exf4 18.Nxe4 Bf5 19.cxd6 cxd6 20.Nf3 g4 21.hxg4 Bxg4 22.Bc4 Ng6 23.Be2 Qe7
24.Nc3 Rac8 25.Qd2 Bxf3 26.Bxf3 Ne5 27.Qe2 Qh4 28.Ne4 Rxc1 29.Rxc1 h5 30.Bxh5 f3
31.Bxf3 Nxf3+ 32.gxf3 Be5 33.Ng3 Bxg3 34.fxg3 Qxg3+ 35.Qg2 Rxf3 36.Rc8+ Kf7
37.Qxg3 Rxg3+ 38.Kf2 Rd3 39.Rc7+ Kf6 40.Rxb7 Ra3 41.Ke2 Ke5 42.Rb5 Rxa2+
43.Kd3 a6 44.Rb6 Kxd5 45.Kc3 Ra3+ 46.Kb2 Rd3 47.Kc2 Rd4 48.Kc3 Rc4+ 49.Kb3 Rc6
50.Rb8 Kd4 51.b5 axb5 52.Rxb5 d5 53.Rb8 Kd3 54.Rd8 Rb6+ 55.Ka4 d4 56.Rd7 Rb8
57.Ka3 Kc3 58.Rc7+ Kd2 59.Rd7 d3 60.Rh7 Kc2 61.Rc7+ Kd1  0-1

[Event "SWZ-ch"]
[Site "Graechen"]
[Date "1999.??.??"]
[Round "?"]
[White "Klauser, Markus"]
[Black "Bischoff, Peter"]
[Result "1-0"]
[WhiteElo "2378"]
[BlackElo "2187"]

1.d4 Nf6 2.c4 g6 3.Nc3 Bg7 4.e4 d6 5.Nf3 O-O 6.Be2 e5 7.O-O Nc6 8.d5 Ne7
9.Bg5 h6 10.Bxf6 Bxf6 11.b4 a5 12.a3 b6 13.c5 bxc5 14.bxc5 h5 15.cxd6 cxd6
16.a4 g5 17.Nd2 g4 18.Nc4 Bg5 19.Nb5 Ra6 20.f3 h4 21.fxg4 Ng6 22.g3 Kg7 23.Qe1 Rh8
24.Qf2 f6 25.Ne3 hxg3 26.hxg3 Nf4 27.gxf4 Bxf4 28.Rac1 Rh3 29.Rc7+ Kh8 30.Bf3 Bd7
31.Rfc1 f5 32.Nxf5 Bxf5 33.exf5 Ra8 34.R1c3 Qf8 35.Bg2  1-0

[Event "Gyongyos op"]
[Site "Gyongyos"]
[Date "1999.??.??"]
[Round "2"]
[White "Blasko, Istvan"]
[Black "Portisch, Ferenc"]
[Result "1/2-1/2"]
[WhiteElo "2220"]
[BlackElo "2385"]

1.d4 Nf6 2.c4 g6 3.Nc3 Bg7 4.e4 d6 5.Nf3 O-O 6.Be2 e5 7.O-O Nc6 8.d5 Ne7
9.b4 Ne8 10.Ne1 f5 11.f3 a5 12.bxa5 c6 13.Be3 Qxa5 14.Qb3 c5 15.a4 Kh8 16.Nd3 Ng8
17.Qc2 Bh6 18.Bf2 Ngf6 19.Rfb1 Nd7 20.Nc1 Qd8 21.Nb3 Qf6 22.Bd3 Nc7 23.Qe2 Na6
24.Nb5 Qe7 25.a5 Nf6 26.Nc3 Bd7 27.Na4 Bxa4 28.Rxa4 fxe4 29.Bxe4 Nxe4 30.Qxe4 Qd7  1/2-1/2

[Event "Hallsberg opJ"]
[Site "Hallsberg"]
[Date "1999.??.??"]
[Round "7"]
[White "Loetscher, Roland"]
[Black "Simacek, Pavel"]
[Result "1/2-1/2"]
[WhiteElo "2180"]
[BlackElo "2380"]

1.d4 Nf6 2.c4 g6 3.Nc3 Bg7 4.e4 d6 5.Nf3 O-O 6.Be2 e5 7.O-O Nc6 8.d5 Ne7
9.Ne1 Ne8 10.Nd3 f5 11.Bd2 Nf6 12.f3 f4 13.g4 fxg3 14.hxg3 Qd7 15.Nf2 h5
16.Kg2 Kf7 17.Rh1 Rh8 18.Nh3 Bh6 19.Ng5+ Bxg5 20.Bxg5 Neg8 21.Qd2 Nh7 22.Be3 Ngf6
23.c5 Qe7 24.cxd6 cxd6 25.Rac1 Bd7 26.Bb5 Bc8 27.Be2 Bd7 28.Bb5 Bc8 29.Be2  1/2-1/2

[Event "Hessen-ch int"]
[Site "Hessen"]
[Date "1999.??.??"]
[Round "3"]
[White "Vullhorst, Wolfgang"]
[Black "Schaffer, Hendrik"]
[Result "0-1"]
[WhiteElo "1805"]
[BlackElo "2120"]

1.d4 Nf6 2.c4 g6 3.Nc3 Bg7 4.e4 d6 5.Nf3 O-O 6.Be2 e5 7.O-O Nc6 8.d5 Ne7
9.Ne1 Nd7 10.Nd3 f5 11.Bd2 Nf6 12.f3 f4 13.c5 g5 14.cxd6 cxd6 15.Nf2 h5 16.h3 Kh8
17.a4 Neg8 18.Nb5 Rf7 19.Rc1 Nh6 20.Rc3 a6 21.Na3 Bf8 22.a5 Rg7 23.Re1 g4
24.fxg4 hxg4 25.hxg4 Nhxg4 26.Nxg4 Nxg4 27.Nc4 Qh4 28.Rh3 Qxh3 29.gxh3 Ne3+
30.Kh2 Nxd1 31.Nb6 Rb8 32.Rxd1 Be7 33.Rc1 Bxh3 34.Kxh3 Rbg8 35.Bg4 Rxg4 36.Be1 R4g7  0-1

[Event "Hessen-ch int"]
[Site "Hessen"]
[Date "1999.??.??"]
[Round "5"]
[White "Vullhorst, Wolfgang"]
[Black "Kuenitz, Klaus"]
[Result "1/2-1/2"]
[WhiteElo "1805"]
[BlackElo "2140"]

1.d4 Nf6 2.c4 g6 3.Nc3 Bg7 4.e4 d6 5.Nf3 O-O 6.Be2 e5 7.O-O Nc6 8.d5 Ne7
9.Ne1 Ne8 10.Nd3 f5 11.Bd2 Kh8 12.Qc2 f4 13.f3 g5 14.c5 Ng6 15.cxd6 cxd6
16.Nf2 h5 17.Rfc1 Rf7 18.a4 Bf8 19.Ra3 Nh4 20.Nb5 a6 21.Rc3 Bd7 22.Nc7 Bxa4
23.Qxa4 Nxc7 24.Qa5 Ne8 25.Qxd8 Rxd8 26.Rc4 Rdd7 27.Ba5 Nf6 28.Rc8 Kh7 29.Bd1 Bh6
30.Ba4 b5 31.Bd1 g4 32.R1c7 g3 33.Nd3 gxh2+ 34.Kxh2 Rg7 35.Rxd7 Nxd7 36.Rc2 Nc5
37.Nxc5 dxc5 38.Be1 Bg5 39.Rxc5 Ng6 40.Rc6 Ra7 41.Bf2  1/2-1/2

[Event "Hessen-ch int"]
[Site "Hessen"]
[Date "1999.??.??"]
[Round "6"]
[White "Genkin, Michael"]
[Black "Belostozkaja, Julija"]
[Result "1-0"]
[WhiteElo "2175"]
[BlackElo "1925"]

1.d4 Nf6 2.c4 g6 3.Nc3 Bg7 4.e4 d6 5.Be2 O-O 6.Nf3 e5 7.O-O Nc6 8.d5 Ne7
9.Ne1 Ne8 10.Nd3 f5 11.f3 f4 12.c5 h5 13.cxd6 cxd6 14.Nf2 g5 15.Bd2 Nf6 16.Rc1 Rf7
17.Nb5 Ng6 18.Qc2 g4 19.Nc7 Rb8 20.Ne6 Qb6 21.Qb3 Qxb3 22.axb3 Nf8 23.Nxg7 Rxg7
24.Kh1 g3 25.hxg3 fxg3 26.Nd3 h4 27.Bb4 Ne8 28.f4 exf4 29.Nxf4 Re7 30.Bf3 b6
31.Rfe1 Rf7 32.Bh5 Rxf4 33.Bxe8 Rf6 34.e5 dxe5 35.Rxe5 Ng6 36.Bxg6 Rxg6 37.Re8+ Kh7
38.Rexc8 Rxc8 39.Rxc8 Rf6 40.Rf8 Rf2 41.Kg1 Rxb2 42.d6 Rxb3 43.d7 Rb1+ 44.Rf1 h3
45.gxh3  1-0

[Event "HUN-chT29899"]
[Site "HUN"]
[Date "1999.??.??"]
[Round "?"]
[White "Blasko, Istvan"]
[Black "Szilagyi, Tibor"]
[Result "1-0"]
[WhiteElo "2085"]
[BlackElo "2165"]

1.d4 Nf6 2.c4 g6 3.Nc3 Bg7 4.e4 d6 5.Nf3 O-O 6.Be2 e5 7.O-O Nc6 8.d5 Ne7
9.b4 a5 10.bxa5 Nd7 11.a4 h6 12.Ba3 Rxa5 13.Nd2 Ra8 14.Nb3 f5 15.f3 Nf6 16.c5 g5
17.Nb5 Ne8 18.Nd2 Ng6 19.Nc4 Rf6 20.Ne3 Nf4 21.Bc4 Ng6 22.Nxf5 Bxf5 23.exf5 Rxf5
24.Qc2 Rf6 25.Nc3 Ne7 26.Ne4 Rf8 27.Rab1 Nf5 28.Rfe1 Nd4 29.Qd1 Ra7 30.Nc3 Kh8
31.Nb5 Nxb5 32.Rxb5 Qf6 33.Bb3 Rf7 34.c6 b6 35.Bc2 Bf8 36.Bc1 Ng7 37.Qd3 Nf5
38.Qxf5 Qxf5 39.Bxf5 Rxf5 40.Re4 Bg7 41.a5 Rxa5 42.Rxa5 bxa5 43.Bd2 Rf8 44.Bxa5 Rc8
45.Rb4 Bf6 46.Rb7 Bd8 47.Kf2 Kg7 48.Ke3 Kg6 49.g4 Kf6 50.h3 Kg6 51.Kd3 Ra8
52.Bxc7 Bxc7 53.Rxc7 Ra4 54.Rd7 Rd4+ 55.Ke3 Rxd5 56.c7 Rc5 57.Ke4 Rc1 58.Kd5 Rd1+
59.Ke6 Rc1 60.Ke7  1-0

[Event "HUN-chT9899"]
[Site "HUN"]
[Date "1999.??.??"]
[Round "?"]
[White "Borocz, Istvan"]
[Black "Lakos, Nikoletta"]
[Result "0-1"]
[WhiteElo "2360"]
[BlackElo "2385"]

1.d4 Nf6 2.c4 g6 3.Nc3 Bg7 4.e4 O-O 5.Nf3 d6 6.Be2 e5 7.O-O Nc6 8.d5 Ne7
9.b4 a5 10.bxa5 Rxa5 11.a4 b6 12.Ba3 Ne8 13.Bb4 Ra8 14.a5 c5 15.dxc6 Nxc6
16.Ba3 Rxa5 17.Nb5 Be6 18.Qd2 Qa8 19.Bb2 Rxa1 20.Rxa1 Na5 21.Qc2 Qc6 22.Nd2 Bh6
23.Rd1 Bxd2 24.Qxd2 Bxc4 25.Nc3 Bxe2 26.Qxe2 Nc7 27.Rc1 Nb3 28.Rd1 Nd4 29.Qe3 b5
30.h3 Qc4 31.Rd2 b4 32.Nd5 Nxd5 33.exd5 Nf5 34.Qb6 h5 35.Qc6 Rc8 36.Qd7 Qc7
37.Qa4 Qc4 38.Qd7 Qc7 39.Qa4 Qb7 40.Qb3 Rc7 41.f4 Qb6+ 42.Kh2 Qe3 43.Qxb4 Rb7
44.Qxb7 Qxf4+ 45.Kg1 Qxd2 46.Qb8+ Kg7 47.g4 Qe3+ 48.Kh2 Qg3+ 49.Kh1 Qxh3+
50.Kg1 Qxg4+ 51.Kh2 Qg3+ 52.Kh1 Ne3 53.Qxd6 Qg2+  0-1

[Event "HUN-chT9899"]
[Site "HUN"]
[Date "1999.??.??"]
[Round "?"]
[White "Peter, Ambrus"]
[Black "Schneider, Attila"]
[Result "1-0"]
[WhiteElo "2405"]
[BlackElo "2375"]

1.d4 Nf6 2.c4 g6 3.Nc3 Bg7 4.e4 d6 5.Be2 O-O 6.Nf3 e5 7.O-O Nc6 8.d5 Ne7
9.Nd2 a5 10.a3 Bd7 11.b3 Ne8 12.Rb1 f5 13.b4 axb4 14.axb4 Bh6 15.c5 fxe4
16.Ndxe4 Bxc1 17.Rxc1 Nf5 18.Bb5 Kh8 19.Qd3 Bc8 20.f4 Neg7 21.fxe5 dxe5 22.g4 Nd4
23.Rxf8+ Qxf8 24.Rf1 Qd8 25.Ng5 Kg8 26.Nce4 Bf5 27.gxf5 gxf5 28.Bc4 fxe4
29.d6+ Nge6 30.Nxe6 exd3 31.Nxd8+ Kg7 32.dxc7 e4 33.Ne6+  1-0

[Event "Kiev-ch"]
[Site "Kiev"]
[Date "1999.??.??"]
[Round "10"]
[White "Malykin, Vitaly"]
[Black "Shianovsky, Vladislav I"]
[Result "0-1"]
[WhiteElo "2250"]
[BlackElo "2328"]

1.Nf3 Nf6 2.c4 g6 3.Nc3 Bg7 4.e4 d6 5.d4 O-O 6.Be2 e5 7.O-O Nc6 8.d5 Nb8
9.Ne1 Nbd7 10.Nd3 a5 11.Be3 b6 12.a3 Nc5 13.Nxc5 bxc5 14.Rb1 Bd7 15.b4 axb4
16.axb4 Ra3 17.Qc2 cxb4 18.Rxb4 Rxc3 19.Qxc3 Nxe4 20.Qa1 f5 21.f3 Nc5 22.Qa7 e4
23.Bxc5 dxc5 24.Qxc5 Re8 25.Qa7 exf3 26.Bxf3 Qh4 27.g3 Bd4+ 28.Kg2 Re2+ 29.Bxe2 Qe4+
30.Bf3 Qc2+  0-1

[Event "Klatovy op-A"]
[Site "Klatovy"]
[Date "1999.??.??"]
[Round "2"]
[White "Lechtynsky, Jiri"]
[Black "Stluka, Frantisek"]
[Result "1-0"]
[WhiteElo "2358"]
[BlackElo "2137"]

1.Nf3 Nf6 2.c4 g6 3.d4 Bg7 4.Nc3 O-O 5.e4 d6 6.Be2 e5 7.O-O Nc6 8.d5 Ne7
9.Ne1 Nd7 10.Be3 f5 11.f3 f4 12.Bf2 Rf7 13.Rc1 Nf6 14.c5 Ne8 15.cxd6 cxd6
16.Qc2 g5 17.a4 h5 18.h3 Bf8 19.Nb5 a6 20.Nc7 Qxc7 21.Qxc7 Nxc7 22.Rxc7 Ng6
23.Rc3 Be7 24.Bb6 Nf8 25.Nd3 Bd7 26.b3 Bd8 27.Bxd8 Rxd8 28.Rfc1 Nh7 29.Rc7 Be8
30.Rc8 Rfd7 31.R1c7 Rxc8 32.Rxc8 Kf7 33.Nb2 Ke7 34.Nc4 b5 35.Na5 Ra7 36.Nc6+ Bxc6
37.dxc6 bxa4 38.bxa4 Nf6 39.c7 Ne8 40.Rxe8+  1-0

[Event "Klatovy op-A"]
[Site "Klatovy"]
[Date "1999.??.??"]
[Round "5"]
[White "Trmota, Zdenek"]
[Black "Simecek, Bohumil"]
[Result "1-0"]
[WhiteElo "2275"]
[BlackElo "2058"]

1.d4 Nf6 2.Nf3 g6 3.c4 Bg7 4.Nc3 d6 5.e4 O-O 6.Be2 e5 7.O-O Nc6 8.d5 Ne7
9.Nd2 c5 10.a3 Ne8 11.Rb1 f5 12.b4 b6 13.f3 Kh8 14.a4 Ng8 15.a5 Nef6 16.Qa4 Bd7
17.Qa3 Bh6 18.exf5 gxf5 19.Nb3 Bxc1 20.Rfxc1 Qc7 21.bxc5 bxc5 22.a6 Rab8
23.Na5 Ne7 24.Bd1 Rb6 25.Nb7 Rxb1 26.Rxb1 Nc8 27.Ba4 Ne8 28.Bxd7 Qxd7 29.Nb5 Qe7
30.Na5 e4 31.Nc6 Qd7 32.Nbxa7  1-0

[Event "Klatovy op-A"]
[Site "Klatovy"]
[Date "1999.??.??"]
[Round "5"]
[White "Tupy, Martin"]
[Black "Marschall, Josef"]
[Result "1-0"]
[WhiteElo "2219"]
[BlackElo "2092"]

1.d4 g6 2.c4 Nf6 3.Nf3 Bg7 4.Nc3 d6 5.e4 O-O 6.Be2 e5 7.O-O Nc6 8.d5 Ne7
9.Ne1 Nd7 10.Be3 f5 11.f3 Rf7 12.b4 f4 13.Bf2 g5 14.Nb5 b6 15.c5 dxc5 16.Bc4 Ba6
17.d6 Bxb5 18.dxe7 Qxe7 19.Bxb5 Kh8 20.Qxd7 Qxd7 21.Bxd7 Rxd7 22.bxc5 Rd2
23.a4 Bf8 24.Rc1 Ra2 25.Nd3 Rd8 26.Rfd1 Rxa4 27.Nxe5 Rxd1+ 28.Rxd1 Kg8 29.h4 gxh4
30.Rd8 Kg7 31.Rd7+ Kf6 32.Nd3 Ra3 33.Nxf4 Bxc5 34.Bxc5 bxc5 35.Rxc7 Ke5 36.Ne2 Kd6
37.Rxh7 c4 38.Kf2 a5 39.Rxh4 a4 40.e5+  1-0

[Event "EU-ch02 blind "]
[Site "Krynica"]
[Date "1999.??.??"]
[Round "1"]
[White "Altinok, Selim Eyup"]
[Black "Lindenmair, Anton"]
[Result "1/2-1/2"]
[WhiteElo "1840"]
[BlackElo "2140"]

1.d4 Nf6 2.Nf3 g6 3.c4 Bg7 4.Nc3 O-O 5.e4 d6 6.Be2 e5 7.O-O Nc6 8.d5 Ne7
9.Bd2 Nd7 10.b4 f5 11.Qb3 Nf6 12.Bd3 fxe4 13.Nxe4 Nxe4 14.Bxe4 Nf5 15.c5 Kh8
16.Rac1 Nd4 17.Nxd4 exd4 18.Qg3 Bf5 19.f3 Bxe4 20.fxe4 Qe7 21.Rfe1 Be5 22.Qg4 Rf7
23.Bg5 Qf8 24.Qe2  1/2-1/2

[Event "EU-ch02 blind "]
[Site "Krynica"]
[Date "1999.??.??"]
[Round "2"]
[White "Denes, Jozsef"]
[Black "Altinok, Kerim Osman"]
[Result "1-0"]
[WhiteElo "1925"]
[BlackElo "1850"]

1.d4 Nf6 2.Nf3 g6 3.c4 Bg7 4.Nc3 O-O 5.e4 d6 6.Be2 e5 7.O-O Nc6 8.d5 Ne7
9.Bg5 Ne8 10.Qd2 f5 11.exf5 gxf5 12.Bh6 Ng6 13.Bxg7 Kxg7 14.Kh1 Nf6 15.g3 Bd7
16.h4 h6 17.Kg2 Kh7 18.Rh1 Rg8 19.Ng5+ Kg7 20.h5 Nh8 21.Nf3 Nf7 22.Rag1 Kh7
23.Kf1 Rg7 24.Nh4 Ng5 25.f4 Nge4 26.Nxe4 Nxe4 27.Qe3 Qf6 28.Bd3 Nc5 29.fxe5 Qxe5
30.Qxe5 dxe5 31.Bxf5+ Bxf5 32.Nxf5 Rg4 33.Rh4 Rag8 34.b3 Rxh4 35.Nxh4 Ne4
36.Ng6 Re8 37.Kg2 Nf6 38.Re1 e4 39.Nf4 Re5 40.Kh3 Nxh5 41.Nxh5 Rxh5+ 42.Kg4 Rg5+
43.Kf4 Kg6 44.Rxe4 Rf5+ 45.Ke3 Rf7 46.b4 Kg5 47.c5 Rd7 48.Kd4 Kf5 49.Rf4+ Kg5
50.b5 b6 51.c6 Re7 52.Re4 Rf7 53.Re6 h5 54.d6 cxd6 55.Rxd6 Kg4 56.Rd7 Rf1
57.Rg7+ Kh3 58.Rg5 Ra1 59.c7 Rc1 60.Rg7 Rc5 61.a4 Kg2 62.Ke4 Kf2 63.Kd4 Kf3
64.a5 Kf2 65.a6 Kf3 66.Re7 Kf2 67.Rg7 Kf3 68.Kd3 Kf2 69.Ke4 Kg2 70.Kf4 Kf2
71.Rh7 Rc4+ 72.Ke5 Kxg3 73.Kd6 h4 74.Kd7 Rd4+ 75.Kc6 Rc4+ 76.Kb7 h3 77.c8=Q Rxc8
78.Kxc8 h2 79.Kb8 Kg2 80.Kxa7 h1=Q 81.Rxh1  1-0

[Event "EU-ch02 blind "]
[Site "Krynica"]
[Date "1999.??.??"]
[Round "3"]
[White "Mikhalev, Alexei"]
[Black "Dobierzin, Olaf"]
[Result "1/2-1/2"]
[WhiteElo "2260"]
[BlackElo "2170"]

1.d4 Nf6 2.Nf3 g6 3.c4 Bg7 4.Nc3 O-O 5.e4 d6 6.Be2 e5 7.O-O Nc6 8.d5 Ne7
9.Ne1 Nd7 10.Nd3 f5 11.Bd2 Nf6 12.f3 f4 13.g4 g5 14.Be1 Ng6 15.c5 h5 16.h3 Rf7
17.cxd6 cxd6 18.Rc1 Bf8 19.Bf2 Rh7 20.Kg2 hxg4 21.hxg4 Nh4+ 22.Bxh4 Rxh4
23.Rh1 Rxh1 24.Qxh1 Qb6 25.Qd1 Bd7 26.Qd2 Rc8 27.Nf2 a6 28.Nh3 Nh7 29.Na4 Qd8
30.Rxc8 Bxc8 31.Qc2 Bd7 32.Nc3 Qb6 33.a3 Be7 34.Nb1 Nf8 35.Qc3 Ng6 36.Nd2 Bd8
37.b3 Kg7 38.a4 Kf6 39.Nc4 Qc7 40.Qb4 Be7 41.Qb6 Qxb6 42.Nxb6 Be8 43.Kf1 Bd8
44.Nc4 Bc7 45.Nf2 Nf8 46.Nd3 Nd7 47.Ke1 Nf8 48.Kd2 Ng6 49.Kc3 Bd7 50.Ndb2 Ke7  1/2-1/2

[Event "EU-ch02 blind "]
[Site "Krynica"]
[Date "1999.??.??"]
[Round "5"]
[White "Altinok, Selim Eyup"]
[Black "Holestak, Jan"]
[Result "0-1"]
[WhiteElo "1850"]
[BlackElo "1930"]

1.d4 Nf6 2.Nf3 g6 3.c4 Bg7 4.Nc3 O-O 5.e4 d6 6.Be2 e5 7.O-O Nc6 8.d5 Ne7
9.Bd2 Ne8 10.Ne1 f5 11.f3 f4 12.b4 Nf6 13.Nd3 h5 14.Qb3 g5 15.c5 Ng6 16.Rac1 g4
17.cxd6 cxd6 18.Be1 Nh7 19.Kh1 Nh4 20.Qd1 Qg5 21.Rg1 g3 22.Bf1 Ng6 23.Nf2 gxf2
24.Bxf2 Qd8  0-1

[Event "La Bordeta op"]
[Site "La Bordeta"]
[Date "1999.??.??"]
[Round "5"]
[White "Torrecillas Martinez, Antonio"]
[Black "Pinazo Donoso, Jordi"]
[Result "1-0"]
[WhiteElo "2335"]
[BlackElo "2110"]

1.c4 Nf6 2.Nc3 g6 3.e4 d6 4.d4 Bg7 5.Nf3 O-O 6.Be2 e5 7.O-O Nc6 8.d5 Ne7
9.Nd2 Ne8 10.b4 f5 11.f3 Nf6 12.c5 fxe4 13.fxe4 Bh6 14.Nc4 Bxc1 15.Rxc1 b6
16.Qb3 bxc5 17.bxc5 Ne8 18.Nxe5 dxe5 19.d6+ Kg7 20.Rxf8 Kxf8 21.dxe7+ Qxe7
22.Nd5 Qe6 23.Rf1+ Kg7 24.Qf3 Qg8 25.Ne7 Qh8 26.Qf7+ Kh6 27.Ng8+  1-0

[Event "Lenk op"]
[Site "Lenk"]
[Date "1999.??.??"]
[Round "3"]
[White "Suter, Stephan"]
[Black "Bucher, Denis"]
[Result "0-1"]
[WhiteElo "2059"]
[BlackElo "2249"]

1.d4 Nf6 2.c4 g6 3.Nc3 Bg7 4.e4 d6 5.Nf3 O-O 6.Be2 e5 7.O-O Nc6 8.d5 Ne7
9.Ne1 Nd7 10.Be3 f5 11.f3 f4 12.Bf2 g5 13.a4 Ng6 14.a5 Rf7 15.Nb5 Nf6 16.Nxa7 g4
17.Nxc8 g3 18.hxg3 fxg3 19.Bxg3 Nh5 20.Bf2 Ngf4 21.Nxd6 cxd6 22.Kh2 Qg5 23.Rh1 Rf6
24.Bf1 Ng3 25.Bxg3 Rh6+ 26.Kg1 Qxg3 27.Rxh6 Bxh6 28.Nd3 Nh3+ 29.Kh1 Bf4  0-1

[Event "Mendrisio op"]
[Site "Mendrisio"]
[Date "1999.??.??"]
[Round "2"]
[White "Eynard, Valdo"]
[Black "Profumo, Alberto"]
[Result "0-1"]
[WhiteElo "2051"]
[BlackElo "2268"]

1.d4 Nf6 2.c4 g6 3.Nc3 Bg7 4.e4 d6 5.Nf3 O-O 6.Be2 e5 7.O-O Nc6 8.d5 Ne7
9.Ne1 Nd7 10.Nd3 f5 11.f3 c5 12.Be3 a5 13.Qc2 Nf6 14.b3 f4 15.Bd2 g5 16.a3 Ng6
17.Nb5 Rf7 18.Bc3 Bf8 19.Qd2 g4 20.b4 b6 21.bxa5 bxa5 22.Rab1 Rg7 23.Kh1 g3
24.Ne1 gxh2 25.Kxh2 Nh5 26.Rh1 Ng3 27.Kg1 Nxh1 28.Kxh1 Qh4+ 29.Kg1 Qg3 30.Bf1 h5
31.Qf2 h4 32.Qxg3 fxg3 33.Nd3 Rf7 34.Be2 h3 35.Nxd6 Bxd6 36.Rb6 Ra6 37.Bxa5 Rxb6
38.Bxb6 h2+ 39.Kh1 Rb7 40.Ba5 Nf4  0-1